000 00535cam a2200217 4500
001 B1803
008 090401t1982 xxu||||| |||| 00| 0 eng d
035 _a(Sirsi) u46539
041 _aeng
050 _a333.3350973
110 _aSavills
_92020
245 _aInvesting in agricultural land in the USA
260 _aWashington,D.C
_bSavills
_c1982
300 _a14p. : ill. ; 20x21cm.
350 _a0
650 _aFARM LAND
650 _aINVESTMENT
650 _aUNITED STATES OF AMERICA
942 _n0
948 _c04/03/1997
999 _c91937
_d91937